Social psychology of industry: Human relations in the factory (Record no. 23515)

MARC details
000 -LEADER
fixed length control field 00336nam a2200121Ia 4500
082 ## - DEWEY DECIMAL CLASSIFICATION NUMBER
Classification number 065.013
Item number BRO
100 ## - MAIN ENTRY--AUTHOR NAME
Personal name Brown, J A C
245 #0 - TITLE STATEMENT
Title Social psychology of industry: Human relations in the factory
260 ## - PUBLICATION, DISTRIBUTION, ETC. (IMPRINT)
Place of publication London
Name of publisher ELBS
Year of publication 1973
650 ## - SUBJECT ADDED ENTRY--TOPICAL TERM
Topical Term Industrial psychology
942 ## - ADDED ENTRY ELEMENTS (KOHA)
Koha item type Books
Holdings
Withdrawn status Lost status Damaged status Not for loan Home library Current library Date acquired Cost, normal purchase price Full call number Accession Number Koha item type
        RRII Library RRII Library 16/12/2021 0.15 065.013 BRO 04213 Books